Operations Management / Theory and Problems (Record no. 1095)
[ view plain ]
| 000 -LEADER | |
|---|---|
| fixed length control field | 01469cam a22002174a 4500 |
| 005 - ΗΜΕΡΟΜΗΝΙΑ ΚΑΙ ΩΡΑ ΤΕΛΕΥΤΑΙΑΣ ΕΝΗΜΕΡΩΣΗΣ | |
| Πεδίο ελέγχου | 20250605163957.0 |
| 008 - FIXED-LENGTH DATA ELEMENTS--GENERAL INFORMATION | |
| Πεδίο ελέγχου σταθερού μήκους | 250528s ||||||||||||||||||||||||d |
| 035 ## - SYSTEM CONTROL NUMBER | |
| System control number | 15519 |
| 020 ## - ISBN | |
| ISBN | 007100579X |
| 040 ## - ΠΗΓΗ ΚΑΤΑΛΟΓΟΓΡΑΦΗΣΗΣ | |
| Φορέας πρωτότυπης καταλογογράφησης | MC Athens Campus Library |
| Γλώσσα καταλογογράφησης | Ελληνικά, Μοντέρνα (1453-) |
| Modifying agency | MC Athens Campus Library |
| Κανόνες περιγραφικής καταλογογράφησης | AACR2 |
| 245 1# - ΤΙΤΛΟΣ ΚΑΙ ΔΗΛΩΣΗ ΥΠΕΥΘΥΝΟΤΗΤΑΣ | |
| Τίτλος | Operations Management / Theory and Problems |
| 250 ## - EDITION STATEMENT | |
| Edition statement | 3rd |
| 260 ## - PUBLICATION, DISTRIBUTION, ETC. | |
| Name of publisher, distributor, etc. | Mcgraw Hill Book Company, |
| Date of publication, distribution, etc. | 1987 |
| 300 ## - PHYSICAL DESCRIPTION | |
| Extent | 720 |
| 505 0# - FORMATTED CONTENTS NOTE | |
| Formatted contents note | Preface, Design of the Production System, Operations Decision Making, Facility Location and Layout, Products and Processes, Human Resource Management, Production and Inventory Control, Forecasting Demand, Aggregate Planning and Master Scheduling, Material and Capacity Requirements Planning, Scheduling and Controlling Production Activities, Maintaining Effective Operations, Quality Assurance, Maintenance and Cost Control, A Strategy for Future Operations, Appendixes, Index. |
| 520 ## - SUMMARY, ETC. | |
| Summary, etc. | Preface, Design of the Production System, Operations Decision Making, Facility Location and Layout, Products and Processes, Human Resource Management, Production and Inventory Control, Forecasting Demand, Aggregate Planning and Master Scheduling, Material and Capacity Requirements Planning, Scheduling and Controlling Production Activities, Maintaining Effective Operations, Quality Assurance, Maintenance and Cost Control, A Strategy for Future Operations, Appendixes, Index. |
| 700 1# - ΠΡΟΣΘΕΤΗ ΑΝΑΓΡΑΦΗ--ΦΥΣΙΚΟ ΠΡΟΣΩΠΟ | |
| Personal name | Monks Joseph G |
| 9 (RLIN) | 1461 |
| 942 ## - ADDED ENTRY ELEMENTS (KOHA) | |
| Koha item type | Books |
| Τύπος τεκμηρίου | Βιβλιοθήκη | Τρέχουσα τοποθεσία | Barcode | Αριθμός εισαγωγής | Ημερομηνία απόκτησης | Ταξιθετικό σύμβολο | Αριθμός αντιτύπου | Κατάσταση απόσυρσης | Κατάσταση χαμένου | Κατάσταση κατεστραμμένου | Μη δανεισμός | Σύνολο δανεισμών | Ημερομηνία τελευταίας εμφάνισης | Η τιμή ισχύει από |
|---|---|---|---|---|---|---|---|---|---|---|---|---|---|---|
| Books | MC Athens Campus Library | MC Athens Campus Library | 9780000010940 | 1866 | 05/06/2025 | 658.5 MON | 1 | 05/06/2025 | 05/06/2025 |